00517 2200181 4500001002100000005001500021035002000036245009100056100002400147260003100171300002600202020002200228084001400250082000800264650001000272008004100282990001200323INLIS00000000000272920251007091511 a0010-09250000761 aPanduan Anti Merokok Untuk Pelajar, Guru, & Orang Tua /cDr. H. M. Asrorun Niar Sholeh aAsrorun Niar Sholeh aJakarta :bErlangga,c2017 a213 ;c(14,5 x 21 cm) a978-602-434-349-1 a370 ASR p a370 4aFiksi251007 0  a0754931